Chile y España primera mitad del siglo XIX: Chile consolidación republicana. España: liberalismo y restauración
Tallennettuna:
| Päätekijä: | |
|---|---|
| Aineistotyyppi: | Kirja |
| Kieli: | espanja |
| Julkaistu: |
Concepción
Universidad Católica de la Santisima Concepción
2014
|
| Painos: | 1a. ed |
| Aiheet: | |
| Tagit: |
Lisää tagi
Ei tageja, Lisää ensimmäinen tagi!
|
MARC
| LEADER | 00000cam a2200000 a 4500 | ||
|---|---|---|---|
| 001 | UCE7228 | ||
| 003 | CL-VaPUC | ||
| 008 | 150529e20140000cl |||||||||||||||||spa|d | ||
| 020 | |a 9789567943609 | ||
| 082 | 0 | 4 | |a 341.4 |b MED |2 21 |
| 100 | |a Medina Aravena, Andrés |e autor |9 579914 | ||
| 245 | 1 | 0 | |a Chile y España primera mitad del siglo XIX: Chile consolidación republicana. España: liberalismo y restauración |
| 250 | |a 1a. ed | ||
| 300 | |a 142 p | ||
| 942 | |c BK | ||
| 945 | |d 20150529 15:00:00 |a gsalatino | ||
| 260 | |a Concepción |b Universidad Católica de la Santisima Concepción |c 2014 | ||
| 650 | 0 | |a Historia del derecho |9 255109 | |
| 650 | 0 | |a Historia de Chile |9 265473 | |
| 583 | |a last modification |c 20150529 15:00:00 |k Rodrigo Vera | ||
| 999 | |c 359329 |d 359327 | ||
| 952 | |0 0 |1 0 |3 erb |4 0 |6 341_400000000000000_MED_2014 |7 0 |8 A |9 468488 |a BIBDER |b BIBDER |i 5161509 |o 341.4 MED 2014 |p 5161509 |r 2023-01-25 |w 2019-11-23 |y BK |z Catalogado en:20150529 |k DER | ||